ბათუმის შოთა რუსთაველის სახელმწიფო უნივერსიტეტის ბიბლიოთეკა

International review of the Red Cross. volume 95, number 891/892, Autumn/Winter 2013 (ბიბ.ჩანაწერი № 47319)

000 -LEADER
fixed length control field 00703nam a2200217Ia 4500
001 - CONTROL NUMBER
control field 14180
003 - CONTROL NUMBER IDENTIFIER
control field GE_BSU
008 - FIXED-LENGTH DATA ELEMENTS--GENERAL INFORMATION
fixed length control field 181216s||||||||xx |||||||||||||| ||und||
040 ## - CATALOGING SOURCE
Transcribing agency GE_BSU
080 ## - UNIVERSAL DECIMAL CLASSIFICATION NUMBER
Universal Decimal Classification number პერიოდიკა
245 ## - TITLE STATEMENT
Title International review of the Red Cross. volume 95, number 891/892, Autumn/Winter 2013
245 ## - TITLE STATEMENT
Remainder of title Multinational operations and the Law.Humanitarian debate: Law,Policy,Action
260 ## - PUBLICATION, DISTRIBUTION, ETC.
Place of publication, distribution, etc. Cambridge
260 ## - PUBLICATION, DISTRIBUTION, ETC.
Date of publication, distribution, etc. 2013
300 ## - PHYSICAL DESCRIPTION
Extent 786p.23cm.
653 ## - INDEX TERM--UNCONTROLLED
Uncontrolled term Humanitarian debate: Law,Policy,Action
653 ## - INDEX TERM--UNCONTROLLED
Uncontrolled term international political science review
653 ## - INDEX TERM--UNCONTROLLED
Uncontrolled term Multinational operations and the Law
653 ## - INDEX TERM--UNCONTROLLED
Uncontrolled term ნაჩუქარი
942 ## - ADDED ENTRY ELEMENTS (KOHA)
Koha item type პერიოდიკა
ეგზემპლარები
Withdrawn status Lost status Damaged status Not for loan Date acquired Barcode Date last seen Price effective from Koha item type
        2018-12-17 p76700 2018-12-17 2018-12-17 პერიოდიკა